000
00328nam a2200121Ia 4500
008
170224s9999 xx 000 0 und d
245
_a
Interpersonal Relations and Group Processes
260
_b
Journal of Personality and Social Psychology
260
_c
2016
300
_a
111:3
500
_a
September
650
_x
Psychology.
999
_c
316536
_d
316536